000 00417nam a2200145Ia 4500
008 100204s9999 xx 000 0 und d
082 _b9944
100 _aनाईक गुरुनाथ
245 _aखतरनाक
260 _b"पूजा प्रकाशन , मुंबई 14"
_c1987
300 _a142
630 _aखतरनाक
730 _aखतरनाक
942 _cBOOK
999 _c454380
_d454377